[Event "SVK-ch"]
[Site "Detva"]
[Date "1977.??.??"]
[Round "2"]
[White "Novak, Ivan"]
[Black "Petran, Peter"]
[Result "1-0"]
[WhiteElo "2325"]
[BlackElo "2330"]

1.e4 g6 2.d4 Bg7 3.Nc3 c6 4.Nf3 d5 5.h3 b5 6.exd5 b4 7.Ne2 cxd5 8.g3 Nc6
9.Bg2 Bf5 10.O-O Be4 11.c3 bxc3 12.Nxc3 Bxf3 13.Bxf3 e6 14.Be3 Nge7 15.Qd2 Nf5
16.Ne2 Qb6 17.Rfd1 O-O 18.Rac1 Rfc8 19.b3 a5 20.g4 Nd6 21.Nc3 Nb5 22.Nxb5 Qxb5
23.Rc5 Qb6 24.Rdc1 Bf8 25.R5c2 Ba3 26.Rd1 Nb4 27.Rxc8+ Rxc8 28.Bh6 Nc6 29.Kg2 Na7
30.h4 Nb5 31.h5 Bb4 32.Qf4 Bf8 33.Bxf8 Rxf8 34.h6 f6 35.a4 Nc7 36.Rc1 Rf7
37.Rc5 g5 38.Qc1 Re7 39.Qc3 Ne8 40.Qxa5 Qxb3 41.Rxd5 Qd3 42.Rd8 Kf7 43.Qa8 f5
44.Bc6 Nf6 45.Rf8+ Kg6 46.Rxf6+ Kxf6 47.Qh8+ Kg6 48.Be8+  1-0

[Event "SVK-ch"]
[Site "Detva"]
[Date "1977.??.??"]
[Round "4"]
[White "Novak, Ivan"]
[Black "Duriga, Stefan"]
[Result "1-0"]
[WhiteElo "2325"]
[BlackElo "2230"]

1.e4 g6 2.d4 Bg7 3.Nc3 c6 4.Nf3 d6 5.Be2 Nf6 6.O-O O-O 7.h3 Nbd7 8.Bf4 Ne8
9.Qd2 Nc7 10.Rfd1 b5 11.a3 a6 12.Bh6 Bb7 13.e5 dxe5 14.Bxg7 Kxg7 15.dxe5 Nb6
16.Qg5 Nbd5 17.Nxd5 Nxd5 18.Nd4 e6 19.Qxd8 Rfxd8 20.Nb3 Rdb8 21.Rd4 Bc8 22.Nc5 a5
23.Rad1 b4 24.a4 Rb6 25.h4 Ba6 26.Bxa6 Rbxa6 27.Nxa6 Rxa6 28.Rc4 Kf8 29.Rc5 Ke7
30.c4 bxc3 31.bxc3 h5 32.Rb1 Kd7 33.Rb7+ Nc7 34.Rc4 Kc8 35.Rb1 Nd5 36.f3 Kc7
37.Kf2 Ra8 38.Rb3 Nb6 39.Rd4 Nd7 40.f4 Nc5 41.Rb1 Rc8 42.Kf3 Rh8 43.Rc4 Nb7
44.Rd1 Rg8 45.g4 Rh8 46.Kg3 hxg4 47.Kxg4 Rh5 48.Rh1 Kb6 49.Rd1 Kc7 50.Rcd4 Nc5
51.Rd8 Rf5 52.Ra8 Nxa4 53.Rxa5 Nxc3 54.Ra7+ Kb6 55.Rdd7 f6 56.Rdb7+ Kc5 57.exf6 Nb5
58.Ra4 Nd6 59.Ra5+ Kc4 60.Rxf5 exf5+ 61.Kf3  1-0

[Event "Stary Smokovec"]
[Site "Stary Smokovec"]
[Date "1977.??.??"]
[Round "9"]
[White "Novak, Ivan"]
[Black "Petran, Peter"]
[Result "0-1"]
[WhiteElo "2345"]
[BlackElo "2300"]

1.e4 g6 2.d4 Bg7 3.Nc3 c6 4.Nf3 d6 5.Be2 Nf6 6.O-O O-O 7.h3 Qc7 8.Bf4 Nfd7
9.Qd2 e5 10.Bh6 a6 11.a4 b6 12.Bc4 Kh8 13.Bxg7+ Kxg7 14.Ng5 h6 15.Nxf7 Rxf7
16.Bxf7 Kxf7 17.Qxh6 Nf8 18.dxe5 dxe5 19.f4 Kg8 20.fxe5 Qg7 21.Qxg7+ Kxg7
22.Rad1 Nbd7 23.Ne2 Ne6 24.Nf4 Nxe5 25.Rd6 Nxf4 26.Rxf4 Bd7 27.b3 a5 28.Rf1 Re8
29.Rfd1 Re7 30.R1d2 Kf7 31.Rf2+ Ke8 32.Rdf6 Kd8 33.Kh2 Kc7 34.Rf8 Be8 35.g4 Nd7
36.Re2 Nxf8  0-1

[Event "JUG-ch"]
[Site "Zagreb"]
[Date "1977.??.??"]
[Round "5"]
[White "Mestrovic, Zvonimir"]
[Black "Bjelajac, Milan"]
[Result "1/2-1/2"]
[WhiteElo "2435"]
[BlackElo "2410"]

1.e4 g6 2.d4 Bg7 3.Nc3 c6 4.Nf3 d5 5.exd5 cxd5 6.Bb5+ Nc6 7.O-O Bg4 8.h3 Bxf3
9.Qxf3 e6 10.Ne2 Ne7 11.c3 O-O 12.Bd3 f6 13.Bc2 e5 14.h4 Rc8 15.h5 Nxd4 16.Nxd4 exd4
17.hxg6 hxg6 18.Bb3 dxc3 19.bxc3 f5 20.Bb2 b5 21.a3 a5 22.Rfe1 b4 23.axb4 axb4
24.Ra6 Rf7 25.Re3 Qd7 26.Rb6 bxc3 27.Bxc3 Bxc3 28.Rxc3 Rxc3 29.Qxc3 f4 30.Qe5 Qf5
31.Rb8+ Rf8 32.Qxf5 gxf5 33.Rb7 Rf7 34.Rd7 Kg7 35.Bxd5 Nxd5 36.Rxd5 Kg6  1/2-1/2

[Event "BCF-ch"]
[Site "Ayr"]
[Date "1978.08.12"]
[Round "6"]
[White "Short, Nigel D"]
[Black "Horner, Jeff"]
[Result "1/2-1/2"]
[WhiteElo "2225"]
[BlackElo "2395"]

1.e4 g6 2.d4 Bg7 3.Nc3 c6 4.Bc4 e6 5.e5 d5 6.exd6 Qxd6 7.Nf3 Nf6 8.Bg5 Nbd7
9.Bb3 b5 10.a3 a6 11.Qd2 Bb7 12.Bf4 Qe7 13.Bh6 O-O 14.Bxg7 Kxg7 15.O-O c5
16.Ne5 Rfd8 17.Qe3 Qd6 18.Qh6+ Kg8 19.Nxd7 Rxd7 20.dxc5 Qc6 21.Qh3 Rd4 22.Rad1 Rad8
23.Rxd4 Rxd4 24.Rd1 Rg4 25.f3 Qxc5+ 26.Kf1 Rd4 27.Rxd4 Qxd4 28.Qg3 Bd5 29.Bxd5 Nxd5
30.Nxd5 exd5 31.b4 h6 32.Qe1 Kg7 33.c3 Qc4+ 34.Kg1 Qf4 35.h3 Kf6 36.Kh1 h5
37.Qd1 Ke6 38.a4 Qe3 39.axb5 axb5 40.Qa1 Kf5 41.Qf1 Qxc3 42.Qxb5 Qe1+ 43.Kh2 Qe5+
44.Kh1 Kf4 45.Qc5  1/2-1/2

[Event "FRG-ch"]
[Site "Bad Neuenahr"]
[Date "1978.??.??"]
[Round "3"]
[White "Huisl, Wolfgang"]
[Black "Podzielny, Karl Heinz"]
[Result "1/2-1/2"]
[WhiteElo "2380"]
[BlackElo "2315"]

1.e4 g6 2.d4 Bg7 3.Nc3 c6 4.Nf3 d6 5.Be2 Nf6 6.O-O O-O 7.a4 a5 8.h3 Nfd7
9.Be3 e5 10.dxe5 dxe5 11.Qd6 Re8 12.Bc4 Qe7 13.Rfd1 Qxd6 14.Rxd6 Bf8 15.Rd2 Kg7
16.Ng5 Re7 17.f4 h6 18.Nf3 exf4 19.Bxf4 Na6 20.Rad1 Nac5 21.Bd6 Re8 22.e5 Nb6
23.Ba2 Nbxa4 24.Nxa4 Nxa4 25.Rf1 Bxd6 26.exd6 Nc5 27.Ne5 Rxe5 28.Rxf7+  1/2-1/2

[Event "Bogota"]
[Site "Bogota"]
[Date "1978.??.??"]
[Round "?"]
[White "Velandia, Norberto"]
[Black "Minaya, Juan M"]
[Result "1/2-1/2"]
[WhiteElo "2220"]
[BlackElo "2355"]

1.d4 g6 2.e4 Bg7 3.Nc3 c6 4.Be3 d5 5.h3 dxe4 6.Nxe4 Nh6 7.Ng3 Qb6 8.Qc1 Nf5
9.Nxf5 Bxf5 10.c3 O-O 11.Nf3 Nd7 12.Be2 Qa5 13.O-O e5 14.dxe5 Nxe5 15.Nxe5 Bxe5
16.Rd1 Rfe8 17.Bd3 Be6 18.Bf4 Rad8 19.Bxe5 Qxe5 20.Re1 Qf6 21.Bf1 Kg7 22.Re3 Re7
23.Rf3 Qe5 24.Rd3 Rxd3 25.Bxd3 Rd7 26.Bf1 Qe4 27.c4 Qd4 28.b4 Bf5 29.a4 c5
30.b5 a5 31.bxa6 bxa6 32.a5 Rb7 33.Qe1 h5 34.Rd1 Qb2 35.Qe3 Qb3 36.Qe5+ f6
37.Qe1 Qa4 38.Rd8 Qc6 39.Qe3 g5 40.Rd5 Qe6 41.Qxe6 Bxe6 42.Rxc5 Rb1 43.f3 h4
44.Kf2 Ra1 45.Bd3 Ra2+ 46.Kg1 Ra1+ 47.Kh2 Ra4 48.Rc7+ Kf8 49.Rc6 Ke7 50.Rxa6 Bxc4
51.Bxc4 Rxc4 52.Ra8 Ra4 53.Kg1 Ke6  1/2-1/2

[Event "Buenos Aires ol (Men)"]
[Site "Buenos Aires"]
[Date "1978.??.??"]
[Round "?"]
[White "Liberzon, Vladimir M"]
[Black "Ciocaltea, Victor"]
[Result "1/2-1/2"]
[WhiteElo "2555"]
[BlackElo "2455"]

1.e4 g6 2.d4 Bg7 3.Nc3 c6 4.f4 d5 5.e5 h5 6.Be3 Nh6 7.Nf3 Bg4 8.Bf2 e6 9.Be2 Nf5
10.Qd2 Nd7 11.g3 Nb6 12.b3 a5 13.h3 Bxf3 14.Bxf3 Bf8 15.Nd1 a4 16.Ne3 Nxe3
17.Bxe3 axb3 18.cxb3 Nd7 19.O-O Qb6 20.Rfc1 Ba3 21.Rc2 Nb8 22.Rf1 Na6 23.Qf2  1/2-1/2

[Event "Buenos Aires ol (Men)"]
[Site "Buenos Aires"]
[Date "1978.??.??"]
[Round "?"]
[White "Larsen, S."]
[Black "Garrido Fernandez, D."]
[Result "1/2-1/2"]
[WhiteElo "2200"]
[BlackElo "2200"]

1.e4 g6 2.d4 Bg7 3.Nc3 c6 4.f4 d5 5.e5 h5 6.Be3 Nh6 7.Nf3 Bg4 8.h3 Bxf3 9.Qxf3 e6
10.g3 Nd7 11.Bf2 f5 12.Be2 Qe7 13.Qg2 O-O-O 14.h4 Ng4 15.O-O Qb4 16.Rfb1 b5
17.a3 Qa5 18.b4 Qb6 19.a4 a6 20.axb5 cxb5 21.Bxb5 axb5 22.Ra5 Bf8 23.Rxb5 Qa7
24.Qf1 Nxf2 25.Qxf2 Nb8 26.Ra5 Qb7 27.b5 Qc7 28.b6 Qxc3 29.Ra7 Rd7 30.Rb3 Qc4
31.Qd2 Kd8 32.Rc3 Qb5 33.Rb3 Qc6 34.Qa5 Rb7 35.Rxb7 Qxb7 36.Rc3 Na6 37.Qb5 Bb4
38.Rc6 Ke7 39.Kh2 Rb8 40.c4 dxc4 41.d5 exd5 42.Qxd5 Ke8 43.Qg8+ Kd7 44.Qe6+ Kd8
45.Qg8+ Kd7 46.Qe6+ Kd8 47.Qxc4 Be7 48.Qg8+ Kd7 49.Qe6+ Kd8 50.Qg8+ Kd7 51.Qe6+ Kd8  1/2-1/2

[Event "Buenos Aires ol (Men)"]
[Site "Buenos Aires"]
[Date "1978.??.??"]
[Round "?"]
[White "Matanovic, Aleksandar"]
[Black "Ciocaltea, Victor"]
[Result "1-0"]
[WhiteElo "2505"]
[BlackElo "2455"]

1.e4 g6 2.d4 Bg7 3.Nc3 c6 4.Nf3 d6 5.Be2 Nf6 6.O-O O-O 7.Re1 a5 8.Bf1 Na6
9.h3 d5 10.exd5 Nxd5 11.Nxd5 cxd5 12.Bf4 Nc7 13.Qd2 Ne8 14.Qe3 Nd6 15.Qxe7 Qxe7
16.Rxe7 Nf5 17.Ree1 Nxd4 18.Nxd4 Bxd4 19.Bd6 Bxb2 20.Bxf8 Kxf8 21.Rab1 Bc3
22.Red1 d4 23.a3 Ke7 24.Rb6 Ra7 25.Rdb1 a4 26.Bd3 Ba5 27.R6b5 b6 28.Rd5 Rd7
29.Re5+ Kf6 30.Re8 Rc7 31.Re4 Rd7 32.Bb5 Rd6 33.Bxa4 Bf5 34.Rf4 d3 35.cxd3 Rxd3
36.Bc2  1-0

[Event "Buenos Aires ol (Men)"]
[Site "Buenos Aires"]
[Date "1978.??.??"]
[Round "?"]
[White "Liew, Chee Meng Jimmy"]
[Black "Goonetilleke, L C."]
[Result "1-0"]
[WhiteElo "2200"]
[BlackElo "2200"]

1.e4 g6 2.d4 Bg7 3.Nc3 c6 4.Be3 d5 5.e5 Qb6 6.Qc1 Bf5 7.Nge2 h5 8.Ng3 Nh6
9.h4 Na6 10.Nd1 Nc7 11.Be2 Ne6 12.c3 Qc7 13.b4 b6 14.O-O a6 15.a4 c5 16.a5 cxd4
17.axb6 Qxb6 18.cxd4 Nxd4 19.Bxd4 Qxd4 20.Qc6+ Kd8  1-0

[Event "Buenos Aires ol (Men)"]
[Site "Buenos Aires"]
[Date "1978.??.??"]
[Round "?"]
[White "Broomes, G."]
[Black "Garrido Fernandez, D."]
[Result "0-1"]
[WhiteElo "2200"]
[BlackElo "2200"]

1.e4 g6 2.d4 Bg7 3.Nc3 c6 4.Be3 d5 5.e5 h5 6.Bd3 Nh6 7.Nge2 Bf5 8.Ng3 Bxd3
9.Qxd3 h4 10.Nge2 e6 11.Nf4 Nf5 12.O-O-O Nd7 13.Na4 Qa5 14.Qb3 b5 15.Nc3 Nb6
16.g4 Nxe3 17.fxe3 Nc4 18.e4 Bh6 19.Ne2 dxe4 20.Rhg1 Bg5 21.c3 Qb6 22.Kb1 a5
23.Qc2 b4 24.cxb4 Qxb4 25.Ka1 O-O 26.b3 Ne3 27.Qxe4 Bxf4 28.Nxf4 Nxd1 29.Rxd1 a4
30.Qe3 axb3 31.Nh5 Rxa2+ 32.Kb1 Ra1+  0-1

[Event "Buenos Aires ol (Men)"]
[Site "Buenos Aires"]
[Date "1978.??.??"]
[Round "?"]
[White "Bademian, Jose"]
[Black "Catalan, Toufeeq"]
[Result "1-0"]
[WhiteElo "2235"]
[BlackElo "2200"]

1.e4 g6 2.d4 Bg7 3.Nc3 c6 4.Bc4 b5 5.Bb3 b4 6.Na4 d6 7.Nf3 Nf6 8.e5 Nd5 9.O-O O-O
10.Re1 h6 11.a3 bxa3 12.Rxa3 Be6 13.Bd2 Nd7 14.h3 Qc7 15.Qe2 Rfb8 16.c4 Nb4
17.exd6 exd6 18.Nh4 Nf8 19.Qf3 Qd8 20.Qg3 g5 21.Nf3 Bf5 22.Re3 Ne6 23.d5 cxd5
24.cxd5 Nf4 25.Re1 Nbd3 26.Re3 Nxb2 27.Nc3 Rb7 28.Ne2 Rxb3 29.Raxb3 Nxd5
30.Ned4 Nxe3 31.Bxe3 Be4 32.Rxb2 f5 33.Bd2 f4 34.Qg4 Bxf3 35.Qxf3 Qe8 36.Rb7 Rb8
37.Qb3+  1-0

[Event "Buenos Aires ol (Men)"]
[Site "Buenos Aires"]
[Date "1978.??.??"]
[Round "?"]
[White "Ziska, Bogi"]
[Black "Goonetilleke, L C."]
[Result "0-1"]
[WhiteElo "2200"]
[BlackElo "2200"]

1.e4 g6 2.d4 Bg7 3.Nc3 c6 4.f4 d5 5.e5 h5 6.Be3 Nh6 7.Be2 Bg4 8.Nf3 Nd7 9.Ng5 e6
10.h3 Bxe2 11.Qxe2 Nf5 12.Bf2 Qb6 13.O-O-O h4 14.Rhe1 Bf8 15.Rd3 Qa5 16.Kb1 b5
17.Rc1 Rb8 18.Nd1 Nb6 19.Be1 Qa4 20.c3 Nc4 21.g4 hxg3 22.Bxg3 Qa5 23.Be1 Qb6
24.b3 a5 25.Ka1 Na3 26.Nb2 Be7 27.Qg2 c5 28.Bf2 c4 29.bxc4 bxc4 30.Rd2 Rb7
31.Qf1 Qc6 32.Nf3 Rb6 33.Qh1 Kd7 34.Re1 Rhb8 35.Ree2 a4 36.Qd1 Qa8 37.h4 Qa5
38.Qc1 Nb5 39.Nd1 Nxc3 40.Nxc3 Qxc3+  0-1

[Event "Buenos Aires ol (Women)"]
[Site "Buenos Aires"]
[Date "1978.??.??"]
[Round "?"]
[White "Khadilkar, Vasanti"]
[Black "McGrath, Marion"]
[Result "0-1"]
[WhiteElo "2000"]
[BlackElo "2015"]

1.e4 g6 2.d4 Bg7 3.Nc3 c6 4.Be3 d5 5.Nf3 Bg4 6.exd5 cxd5 7.h3 Bxf3 8.Qxf3 e6
9.Bb5+ Nc6 10.O-O Rc8 11.Rfe1 Qf6 12.Qg3 Qd8 13.Bg5 Nf6 14.Qf3 O-O 15.Rad1 h6
16.Bh4 g5 17.Bg3 Nd7 18.Bxc6 Rxc6 19.Qe3 Nb6 20.f4 Nc4 21.Qf3 Nxb2 22.Rd2 Qa5
23.Nb1 Nc4 24.Rdd1 Qd8 25.fxg5 hxg5 26.Rf1 Nd6 27.c3 Ne4 28.Be1 f5 29.Na3 Ra6
30.Nc2 Rxa2 31.Nb4 Ra3 32.Kh1 a5 33.Nc2 Rb3 34.Rd3 Qc7 35.Kg1 Rc8 36.Kh1 Qc4
37.h4 g4 38.Qe3 Qc7 39.h5 Qf7 40.h6 Qh5+ 41.Kg1 Bxh6 42.Qe2 f4 43.Qd1 Rb2  0-1

[Event "Buenos Aires ol (Men)"]
[Site "Buenos Aires"]
[Date "1978.??.??"]
[Round "?"]
[White "Liu Wenzhe"]
[Black "Ciocaltea, Victor"]
[Result "0-1"]
[WhiteElo "2200"]
[BlackElo "2455"]

1.e4 g6 2.d4 c6 3.Nc3 Bg7 4.f4 d5 5.e5 h5 6.Nf3 Bg4 7.Be2 e6 8.O-O Nh6 9.Be3 Nf5
10.Bf2 Bh6 11.Qd2 Nd7 12.b4 Nb6 13.Nd1 Bxf3 14.Bxf3 Nc4 15.Qc1 g5 16.Ne3 Ncxe3
17.Bxe3 gxf4 18.Bxf4 Qb6 19.c3 Nxd4 20.Kh1 Bxf4 21.Qxf4 Nf5 22.Rae1 O-O-O
23.a4 a5 24.Rb1 Qe3 25.Qxe3 Nxe3 26.Rfe1 Nc2 27.Re2 Na3 28.Ra1 Nc4 29.bxa5 Nxa5
30.Kg1 Kc7 31.Kf2 Nc4 32.h4 Ra8 33.Kg3 Nb6 34.Kf4 Nd7 35.a5 Nc5 36.Ra3 Raf8
37.Rd2 f6 38.exf6 Rxf6+ 39.Ke5 Rf5+ 40.Kd4 Rf4+ 41.Ke3 Rxh4 42.Rd4 Rh1 43.Rf4 Rh7
44.Rf8 h4 45.c4 h3 46.gxh3 R1xh3 47.cxd5 cxd5 48.Kf2 Rg7 49.Re3 Rh2+ 50.Kf1 Ra2
51.Ra8 Rf7 52.Kg1 d4 53.Re2 Rxe2 54.Bxe2 d3 55.Bd1 Re7 56.Kf2 d2 57.Bg4 Ne4+  0-1

[Event "DDR-ch 27th"]
[Site "Eggesin/Torgelow"]
[Date "1978.??.??"]
[Round "12"]
[White "Vogt, Lothar"]
[Black "Espig, Lutz"]
[Result "1/2-1/2"]
[WhiteElo "2520"]
[BlackElo "2470"]

1.e4 g6 2.d4 Bg7 3.Nc3 c6 4.Nf3 b5 5.Bd3 d6 6.O-O Bg4 7.e5 dxe5 8.dxe5 b4
9.Ne4 Nd7 10.Bc4 Nxe5 11.Qxd8+ Rxd8 12.Nxe5 Bxe5 13.a3 Rd4 14.Bd3 b3 15.Be3 Rd8
16.Rab1 Bd4 17.Bxd4 Rxd4 18.f3 Be6 19.Nc5 bxc2 20.Bxc2 Rc4 21.Nxe6 Rxc2 22.Nd4 Rc4
23.Rfd1 e5 24.Nb3 Ne7 25.Rd2 O-O 26.Rd7 Nf5 27.Rc1 Rxc1+ 28.Nxc1 a5 29.Nd3 f6
30.Nxe5 Nd4 31.Ra7 Nb5 32.Rxa5 Rd8 33.h4 Rd1+ 34.Kh2 f5 35.a4 Nd4 36.Ra8+ Kg7
37.Ra7+ Kh6 38.Nd7 Rd2 39.Ne5 Rxb2 40.Kh3 Ne2 41.Rc7  1/2-1/2

[Event "Lvov zt"]
[Site "Lvov"]
[Date "1978.??.??"]
[Round "7"]
[White "Sveshnikov, Evgeny"]
[Black "Tseshkovsky, Vitaly"]
[Result "0-1"]
[WhiteElo "2565"]
[BlackElo "2570"]

1.e4 g6 2.d4 Bg7 3.Nc3 c6 4.g3 d5 5.e5 f6 6.exf6 Nxf6 7.Bg2 O-O 8.Nf3 Bg4
9.h3 Bxf3 10.Bxf3 Nbd7 11.O-O e5 12.Ne2 Qe7 13.Bg2 Rae8 14.Bg5 exd4 15.Nxd4 Qf7
16.Bxf6 Nxf6 17.Qf3 Ne4 18.Qxf7+ Rxf7 19.Rad1 Nd6 20.b3 Bxd4 21.Rxd4 Re2
22.c4 Nf5 23.Rf4 dxc4 24.Rd1 c3 25.Rc1 Rxa2 26.Rxc3 Rd2 27.Bf1 Nd4 28.Re4 Kf8
29.Bc4 Nf3+ 30.Kg2 Ng5 31.Rf4 Rxf4 32.gxf4 Rxf2+ 33.Kxf2 Ne4+ 34.Kf3 Nxc3
35.f5 gxf5 36.Kf4 Ne4 37.Ke5 Ke7 38.Bg8 Ng5 39.Kxf5 Nxh3 40.Bxh7 Kd6  0-1

[Event "Lvov zt"]
[Site "Lvov"]
[Date "1978.??.??"]
[Round "9"]
[White "Sveshnikov, Evgeny"]
[Black "Romanishin, Oleg M"]
[Result "0-1"]
[WhiteElo "2565"]
[BlackElo "2610"]

1.e4 g6 2.d4 Bg7 3.Nc3 c6 4.f4 b5 5.Nf3 d6 6.e5 Bg4 7.h3 Bf5 8.g4 Bc8 9.Be3 Nd7
10.Bd3 Nb6 11.Qe2 d5 12.b3 e6 13.Qf2 Ne7 14.Ne2 Qc7 15.Ng3 f5 16.exf6 Bxf6
17.O-O Bd7 18.Kg2 Nbc8 19.Bd2 Nd6 20.Ne5 O-O 21.Qe3 Bc8 22.Rh1 c5 23.c3 Bb7
24.Nf3 Ne4 25.Bxb5 g5 26.Nh5 Ng6 27.fxg5 Bh8 28.Raf1 e5 29.dxc5 Nxd2 30.Qxd2 Qxc5
31.Be2 Rac8 32.Rc1 Nh4+ 33.Kg3 Nxf3 34.Bxf3 e4 35.Bd1 Bxc3 36.Rxc3 Qxc3+
37.Qxc3 Rxc3+ 38.Kh4 d4 39.Re1 e3 40.b4 Bf3 41.Ba4  0-1

[Event "Banicky kahanec"]
[Site "Prievidza"]
[Date "1978.??.??"]
[Round "?"]
[White "Schrancz, Istvan"]
[Black "Trikaliotis, Georgios"]
[Result "0-1"]
[WhiteElo "2300"]
[BlackElo "2245"]

1.e4 g6 2.d4 Bg7 3.Nc3 c6 4.Nf3 d5 5.h3 Nh6 6.exd5 cxd5 7.g4 f6 8.Be3 Nc6
9.Qd2 Nf7 10.O-O-O a6 11.Bg2 O-O 12.Ne1 e6 13.h4 Bd7 14.Nd3 Na5 15.b3 Rc8
16.Nc5 b6 17.Nxd7 Qxd7 18.Bf1 Qc6 19.Kb2 b5 20.Rc1 Rfd8 21.Nb1 Qc7 22.h5 g5
23.Bd3 h6 24.c3 e5 25.Bf5 Rb8 26.Qc2 e4 27.Nd2 Qe7 28.f3 Nd6 29.fxe4 dxe4
30.Bg6 Rdc8 31.Rhe1 b4 32.c4 f5 33.gxf5 Nc6 34.f6 Bxf6 35.Nxe4 Nxd4 36.Nxf6+ Qxf6
37.Bxd4 Qxd4+ 38.Kb1 Nb5 39.Qb2 Nc3+ 40.Ka1 Rf8 41.Red1 Qe5 42.Rd5 Qe3 43.Rd3 Qc5
44.Rd7 Rf2 45.Bh7+ Kh8 46.Bc2 Re8 47.Rh7+ Kg8 48.Rxh6 Ree2 49.Rg6+ Kh8 50.Rh6+ Kg7
51.Rg6+ Kf7 52.h6 Rxc2 53.Rg7+ Kf8 54.Rxc2 Rf1+ 55.Rc1 Qg1 56.Qd2 Rxc1+ 57.Kb2 Rb1+
58.Kc2 Rb2+  0-1

[Event "URS-ch U26"]
[Site "Vilnius"]
[Date "1978.??.??"]
[Round "3"]
[White "Panchenko, Alexander N"]
[Black "Yurtaev, Leonid"]
[Result "1/2-1/2"]
[WhiteElo "2495"]
[BlackElo "2375"]

1.e4 g6 2.d4 Bg7 3.Nc3 c6 4.Nf3 d5 5.h3 Nf6 6.e5 Ne4 7.Bd3 Nxc3 8.bxc3 c5
9.O-O Nc6 10.Bb5 O-O 11.Bxc6 bxc6 12.Ba3 cxd4 13.cxd4 Bf5 14.Rb1 Qc7 15.Qd2 f6
16.Rfe1 Rfe8 17.Nh4 Be6 18.f4 fxe5 19.fxe5 Rf8 20.Rb3 Rf7 21.Reb1 Raf8 22.Nf3 Bc8
23.Qg5 Qd7 24.Re1 Qe6 25.Qg3 h6 26.Bc5 a6 27.Rbe3 g5 28.Nh2 Rf4 29.Rf3 Rxf3
30.Nxf3 Rf4 31.Rf1 Kf7 32.Nh2 Rxf1+ 33.Nxf1 Qg6 34.Ne3 h5 35.Qf3+ Ke8 36.g4 hxg4
37.hxg4 Qh7  1/2-1/2

[Event "URS-ch U26"]
[Site "Vilnius"]
[Date "1978.??.??"]
[Round "5"]
[White "Psakhis, Lev"]
[Black "Kharitonov, Andrei Y"]
[Result "1/2-1/2"]
[WhiteElo "2480"]
[BlackElo "2435"]

1.e4 g6 2.d4 Bg7 3.Nc3 c6 4.Nf3 d5 5.h3 Nf6 6.Bd3 dxe4 7.Nxe4 Nxe4 8.Bxe4 Nd7
9.O-O O-O 10.Bg5 Qb6 11.Re1 Nf6 12.Qc1 c5 13.dxc5 Qxc5 14.Bd3 Be6 15.Bh6 Bd5
16.Bxg7 Kxg7 17.Qf4 Bxf3 18.Qxf3 Qc7 19.a3 Rfd8 20.Rad1  1/2-1/2

[Event "IBM-B"]
[Site "Amsterdam"]
[Date "1979.??.??"]
[Round "4"]
[White "Enklaar, Bertus F"]
[Black "Van der Wiel, John TH"]
[Result "0-1"]
[WhiteElo "2400"]
[BlackElo "2375"]

1.e4 g6 2.d4 Bg7 3.Nc3 c6 4.Nf3 d6 5.Be2 Nf6 6.O-O O-O 7.Re1 Nbd7 8.Bf4 Qc7
9.e5 Nh5 10.exd6 exd6 11.Bd2 d5 12.Qc1 Re8 13.Bh6 Nf8 14.h3 Ne6 15.Bf1 Bd7
16.Ne2 Re7 17.c3 Rae8 18.Bxg7 Nexg7 19.Ne5 Bf5 20.Qd2 Nf6 21.Ng3 Nd7 22.Nd3 Bxd3
23.Rxe7 Rxe7 24.Bxd3 f5 25.Re1 Nf6 26.Rxe7 Qxe7 27.Qe2 Ne6 28.Qe5 Nd7 29.Qe1 Kf7
30.Qe3 f4 31.Qf3 Nf6 32.Ne2 Qc7 33.h4 Qa5 34.Bb1 Qa4 35.Qd3 Qa5 36.Kf1 Ne4
37.Ng1 Qb5 38.Qxb5 cxb5 39.Ke2 b4 40.Bxe4 dxe4 41.d5 Nc7 42.c4 b5 43.b3 bxc4
44.bxc4 Kf6 45.g3 f3+ 46.Ke3 Ke5 47.Nh3 Ne8 48.Kd2 Nd6 49.Kc2 Nxc4 50.Kb3 Kxd5
51.Kxb4 Kd4 52.Ng5 Nb2 53.Nxh7 Nd3+ 54.Kb3 Nxf2 55.Kc2 Nh1  0-1

[Event "Copenhagen AS04"]
[Site "Copenhagen"]
[Date "1979.??.??"]
[Round "1"]
[White "Westerinen, Heikki MJ"]
[Black "Hoi, Carsten"]
[Result "1/2-1/2"]
[WhiteElo "2465"]
[BlackElo "2355"]

1.e4 g6 2.d4 Bg7 3.Nc3 c6 4.Nf3 d6 5.Be2 Nf6 6.O-O O-O 7.h3 Qc7 8.a4 a5 9.Be3 e5
10.dxe5 dxe5 11.Nd2 Rd8 12.Qc1 Be6 13.Nc4 Nbd7 14.Rd1 b6 15.Bg5 Nc5 16.f3 Rd4
17.b3 Nh5 18.Bf1 f5 19.Be3 Rad8 20.Rb1 Rxd1 21.Nxd1 Ng3 22.Nf2 Bf8 23.exf5 Nxf5
24.Bg5 Rd7 25.Qe1 e4 26.fxe4 Nd4 27.Qc3 Bg7 28.e5 Bf5  1/2-1/2

[Event "Lloyds Bank op"]
[Site "London"]
[Date "1979.??.??"]
[Round "8"]
[White "Leow Leslie M"]
[Black "Lewis, Andrew P"]
[Result "1-0"]
[WhiteElo "2280"]
[BlackElo "2200"]

1.e4 g6 2.d4 Bg7 3.Nc3 c6 4.Nf3 d6 5.Be2 Nd7 6.O-O Nh6 7.h3 O-O 8.Be3 f6
9.Qd2 Nf7 10.d5 f5 11.Nd4 Bxd4 12.Qxd4 fxe4 13.Nxe4 cxd5 14.Qxd5 Nb6 15.Qb3 e6
16.Rad1 Nd5 17.Bd4 Qh4 18.f4 Nh6 19.Bc4 Nxf4 20.Nxd6 b5 21.Rxf4 Rxf4 22.Bxe6+ Bxe6
23.Qxe6+ Kf8 24.Be3 Kg7 25.Qe5+ Rf6 26.Rf1 Nf5 27.Rxf5 Qe1+ 28.Kh2 gxf5 29.Bh6+ Kxh6
30.Qxf6+ Kh5 31.Qxf5+ Kh6 32.Qf6+  1-0

[Event "Marshall op"]
[Site "New York"]
[Date "1979.??.??"]
[Round "7"]
[White "Williams, Alan P"]
[Black "Zlotnikov, Mikhail"]
[Result "1-0"]
[WhiteElo "2395"]
[BlackElo "2435"]

1.e4 c6 2.d4 g6 3.Nc3 Bg7 4.f4 d5 5.Nf3 Bg4 6.Be3 Nf6 7.h3 dxe4 8.hxg4 exf3
9.Qxf3 Qa5 10.Bc4 h5 11.gxh5 Rxh5 12.O-O-O Rxh1 13.Rxh1 Nbd7 14.Bb3 e6 15.g4 O-O-O
16.g5 Nh5 17.Ne4 Nb6 18.c3 Nd5 19.Bd2 Qc7 20.Rh4 Ne7 21.Nc5 Nd5 22.Qg4 Kb8
23.Qf3 Bf8 24.Ne4 c5 25.dxc5 Bxc5 26.Kb1 Ne7 27.Nxc5 Qxc5 28.Be3 Qb5 29.Qf2 Nc6
30.Bc2 Qd5 31.Bc1 Ne7 32.Rh3 Qc6 33.Be3 Qa6 34.Bd4 Nc6 35.Be3 Ne7 36.Bd4 Ka8
37.Bd3 Qa5 38.Be4 Nd5 39.Be5 Ndf6 40.Bxf6 Qa4 41.Bxb7+ Kxb7 42.Qf3+ Rd5 43.Bd4 Qc6
44.Rh4 Kb8 45.Qe3 Ra5 46.Be5+ Kc8 47.Rh2 Ra4 48.Rd2 Re4 49.Qxa7 Rxe5 50.fxe5 Nf4
51.Qd4 Nd5 52.c4 Nb6 53.Qd8+ Kb7 54.Qe7+ Ka6 55.Qa3+ Kb7 56.Qe7+ Ka6 57.Qd6  1-0

[Event "ISL-ch"]
[Site "Reykjavik"]
[Date "1979.??.??"]
[Round "7"]
[White "Jonsson, Johannes G"]
[Black "Angantysson, Haukur"]
[Result "0-1"]
[WhiteElo "2310"]
[BlackElo "2400"]

1.e4 g6 2.d4 Bg7 3.Nc3 c6 4.Nf3 d6 5.Be2 b5 6.O-O a6 7.a3 Nd7 8.h3 Qc7 9.Re1 e5
10.dxe5 dxe5 11.Be3 Ngf6 12.Qd3 O-O 13.Rad1 Re8 14.Bf1 Bb7 15.Nd2 Rad8 16.f3 Nh5
17.Qe2 f5 18.Nb3 f4 19.Bf2 Bf8 20.Rd2 g5 21.Red1 Nhf6 22.Na2 c5 23.c4 Bc6
24.Nc3 Rb8 25.Nd5 Bxd5 26.cxd5 Bd6 27.Rc2 c4 28.Rdc1 Qd8 29.Nd2 Nc5 30.Qd1 Qe7
31.Bxc4 bxc4 32.Nxc4 Ncd7 33.Nxd6 Qxd6 34.Rc6 Qf8 35.b4 Ra8 36.Qa4 h5 37.Rxa6 g4
38.Kh1 Rxa6 39.Qxa6 Ra8 40.Qe6+ Qf7 41.Qxf7+ Kxf7 42.Rc3 g3 43.Bg1 Ne8 44.b5 Nd6
45.b6 Ke7 46.Rb3 Nb7 47.Rc3 Nd6 48.Rb3 Rc8 49.Rb1 Nb7 50.a4 Ra8  0-1

[Event "Sochi Spartak"]
[Site "Sochi"]
[Date "1979.??.??"]
[Round "?"]
[White "Mnatsakanian, Eduard A"]
[Black "Zilberman, Nathan R"]
[Result "1-0"]
[WhiteElo "2425"]
[BlackElo "2455"]

1.e4 g6 2.d4 Bg7 3.Nc3 c6 4.Nf3 d5 5.h3 Nf6 6.e5 Ne4 7.Nxe4 dxe4 8.Ng5 c5
9.dxc5 Qa5+ 10.Bd2 Qxc5 11.Bc3 Nd7 12.Nxe4 Qc6 13.Qe2 Bxe5 14.Bxe5 Nxe5 15.f4 Nd7
16.O-O-O O-O 17.Nc3 e6 18.Ne4 f5 19.Nd6 Nf6 20.Qe5 Ne4 21.Bb5 Qc5 22.Qxc5 Nxc5
23.Rhe1 a6 24.Bc4 b5 25.Re5 Nb7 26.Nxc8 bxc4 27.Nb6 Rad8 28.Nxc4 Rxd1+ 29.Kxd1 Rd8+
30.Ke2 Rd4 31.b3 Rxf4 32.Rxe6 Nc5 33.Re5 Ne4 34.Ke3 Rf1 35.Nd2 Re1+ 36.Kf4 Re2
37.Nxe4 fxe4 38.Rxe4 Rxc2 39.Ra4 Rxg2 40.Rxa6 Rh2 41.Kg3 Rb2 42.Ra7 Rb1 43.Kf4 h6
44.Rb7 Rh1 45.a4  1-0

[Event "Stary Smokovec"]
[Site "Stary Smokovec"]
[Date "1979.??.??"]
[Round "?"]
[White "Gonsior, Evzen"]
[Black "Novak, Ivan"]
[Result "1-0"]
[WhiteElo "2390"]
[BlackElo "2340"]

1.d4 g6 2.e4 c6 3.Nc3 Bg7 4.Be3 d6 5.f3 Nd7 6.Nh3 b5 7.Qd2 Qc7 8.Nf2 Bb7
9.Bd3 a6 10.Ne2 e5 11.c3 Ne7 12.O-O O-O 13.Bh6 f5 14.Bxg7 Kxg7 15.Qg5 Rae8
16.exf5 Nxf5 17.Bxf5 Rxf5 18.Qe3 Rff8 19.Rad1 Nf6 20.Qd2 Bc8 21.Ng3 exd4
22.Qxd4 Re6 23.Nge4 c5 24.Qd2 d5 25.Nxf6 Rexf6 26.Qxd5 Be6 27.Qd2 Bxa2 28.Ne4 Rc6
29.Qg5 h6 30.Qe3 Re8 31.Rd2 Re7 32.Re1 Bf7 33.h4 a5 34.g4 b4 35.g5 hxg5 36.hxg5 Qe5
37.Rh2 Bd5 38.Qf2 Bxe4 39.Qh4 Kf8 40.Rxe4 Qg7 41.Qf4+ Ke8 42.Qb8+ Kf7 43.Rxe7+  1-0

[Event "SWE-ch"]
[Site "?"]
[Date "1979.??.??"]
[Round "?"]
[White "Rorvall, Goran"]
[Black "Becker, Johnny"]
[Result "1-0"]
[WhiteElo "2360"]
[BlackElo "2200"]

1.e4 c6 2.d4 g6 3.Nc3 Bg7 4.Nf3 d5 5.h3 Nf6 6.e5 Ne4 7.Bd3 Nxc3 8.bxc3 c5
9.O-O O-O 10.Be3 Nc6 11.Qd2 Qa5 12.Rab1 cxd4 13.cxd4 Qxd2 14.Bxd2 Rd8 15.Bb5 Bd7
16.Rfd1 Rac8 17.Bd3 Rc7 18.Bf4 e6 19.g4 h6 20.h4 Ne7 21.Kg2 Ba4 22.Rh1 Rdd7
23.Rb2 Rc3 24.h5 Rdc7 25.Bd2 Bxc2 26.Bxc3 Bxd3 27.Bd2 f5 28.exf6 Bxf6 29.Ne5 Bxe5
30.dxe5 g5 31.Rc1 Nc6 32.f4 gxf4 33.Bxf4 Kh7 34.Be3 Be4+ 35.Kh3 Rd7 36.Rf2 d4
37.Bd2 Nxe5 38.Rf6 Nf7 39.Rxe6 Bd5 40.Rf6 Bxa2 41.Ra1 Bd5 42.Rxa7 Re7 43.Ra5 Be4
44.Ra4 Kg7 45.Rf2 Ng5+ 46.Bxg5 hxg5 47.Rxd4 Bc6 48.Rf5  1-0

[Event "Tirnavia-A"]
[Site "Trnava"]
[Date "1979.??.??"]
[Round "1"]
[White "Pavlov, Mircea"]
[Black "Pribyl, Josef"]
[Result "1/2-1/2"]
[WhiteElo "2410"]
[BlackElo "2420"]

1.e4 c6 2.d4 g6 3.Nc3 Bg7 4.Bc4 d6 5.Qf3 e6 6.Bf4 d5 7.Bb3 a5 8.Nge2 Ne7
9.h4 b5 10.a3 h5 11.Bg5 Ba6 12.Bf6 Bxf6 13.Qxf6 Rf8 14.Qf4  1/2-1/2